Дизайн и изготовление ювелирного украшения "геометрия в ретроспективе"; Информационные технологии в науке, управлении, социальной сфере и медицине; Ч. 1

Dades bibliogràfiques
Parent link:Информационные технологии в науке, управлении, социальной сфере и медицине: сборник научных трудов III Международной научной конференции, 23-26 мая 2016 г., Томск.— , 2016
Ч. 1.— 2016.— [С. 593-594]
Autor principal: Утьев О. М. Олег Михайлович
Autor corporatiu: Национальный исследовательский Томский политехнический университет (ТПУ) Институт физики высоких технологий (ИФВТ) Кафедра материаловедения и технологии металлов (МТМ)
Altres autors: Дё Ю. С.
Sumari:Заглавие с титульного экрана
In this article are considered stages of creating jewelry from the preliminary version to the finished product in the context of material culture and then phased analysis steps. The process of creating an object involves the synthesis of imagination, logic and calculations of the author. Subsequently, depend on this concepts, the future design project is a concrete proposal relatively to address the design challenges with the help of artistic means, aimed at creating a certain emotionally-shaped effect in the perception of the consumer. There is no practical activities to create material objects. Nowadays, the design is widespread because of the fact that any manufacturing industry needs the participation of the designer. It can be argued that in the twentieth century. design phenomenon appeared to combine a mass production, mass consumer market, culture and aesthetic environment of human habitat.
Idioma:rus
Publicat: 2016
Col·lecció:Компьютерная графика и дизайн
Matèries:
Accés en línia:http://earchive.tpu.ru/handle/11683/31361
Format: Electrònic Capítol de llibre
KOHA link:https://koha.lib.tpu.ru/cgi-bin/koha/opac-detail.pl?biblionumber=619495

MARC

LEADER 00000naa2a2200000 4500
001 619495
005 20240110110623.0
035 |a (RuTPU)RU\TPU\conf\17931 
035 |a RU\TPU\conf\17928 
090 |a 619495 
100 |a 20160823d2016 k y0rusy50 ca 
101 0 |a rus 
102 |a RU 
105 |a y z 101zy 
135 |a drcn ---uucaa 
181 0 |a i  
182 0 |a b 
200 1 |a Дизайн и изготовление ювелирного украшения "геометрия в ретроспективе"  |d Design and manufacture of juwelry "geomrtry in retrospect"  |f О. М. Утьев, Ю. С. Дё 
203 |a Текст  |c электронный 
225 1 |a Компьютерная графика и дизайн 
300 |a Заглавие с титульного экрана 
320 |a [Библиогр.: с. 594 (3 назв.)] 
330 |a In this article are considered stages of creating jewelry from the preliminary version to the finished product in the context of material culture and then phased analysis steps. The process of creating an object involves the synthesis of imagination, logic and calculations of the author. Subsequently, depend on this concepts, the future design project is a concrete proposal relatively to address the design challenges with the help of artistic means, aimed at creating a certain emotionally-shaped effect in the perception of the consumer. There is no practical activities to create material objects. Nowadays, the design is widespread because of the fact that any manufacturing industry needs the participation of the designer. It can be argued that in the twentieth century. design phenomenon appeared to combine a mass production, mass consumer market, culture and aesthetic environment of human habitat. 
461 1 |0 (RuTPU)RU\TPU\conf\17281  |t Информационные технологии в науке, управлении, социальной сфере и медицине  |o сборник научных трудов III Международной научной конференции, 23-26 мая 2016 г., Томск  |o в 2 ч.  |d 2016 
463 1 |0 (RuTPU)RU\TPU\conf\17283  |t Ч. 1  |f Национальный исследовательский Томский политехнический университет (ТПУ) ; ред. кол. О. Г. Берестнева ; О. М. Гергет ; Т. А. Гладкова  |v [С. 593-594]  |d 2016 
510 1 |a Design and manufacture of juwelry "geomrtry in retrospect"  |z eng 
610 1 |a труды учёных ТПУ 
610 1 |a электронный ресурс 
610 1 |a дизайн 
610 1 |a проектирование 
610 1 |a украшения 
610 1 |a информационные технологии 
610 1 |a дизайн-концепция 
700 1 |a Утьев  |b О. М.  |c специалист в области материаловедения  |c старший преподаватель Томского политехнического университета  |f 1964-  |g Олег Михайлович  |3 (RuTPU)RU\TPU\pers\26500  |9 12202 
701 1 |a Дё  |b Ю. С. 
712 0 2 |a Национальный исследовательский Томский политехнический университет (ТПУ)  |b Институт физики высоких технологий (ИФВТ)  |b Кафедра материаловедения и технологии металлов (МТМ)  |3 (RuTPU)RU\TPU\col\18689 
801 2 |a RU  |b 63413507  |c 20160912  |g RCR 
856 4 |u http://earchive.tpu.ru/handle/11683/31361 
942 |c BK